The Construction Alliance (Record no. 111174)

MARC details
000 -LEADER
fixed length control field 01271cad a22002415a 4500
001 - CONTROL NUMBER
control field L151124
008 - FIXED-LENGTH DATA ELEMENTS--GENERAL INFORMATION
fixed length control field 101004s2010 xxk f 000 0 eng d
035 ## - SYSTEM CONTROL NUMBER
System control number (Sirsi) u151124
041 0# - LANGUAGE CODE
Language code of text/sound track or separate title eng
050 04 - LIBRARY OF CONGRESS CALL NUMBER
Classification number 692.5 $2 18
110 2# - MAIN ENTRY--CORPORATE NAME
Corporate name or jurisdiction name as entry element Federation of Master Builders
9 (RLIN) 465
245 04 - TITLE STATEMENT
Title The Construction Alliance
Medium [electronic resource]
260 ## - PUBLICATION, DISTRIBUTION, ETC.
Place of publication, distribution, etc. London
Name of publisher, distributor, etc. CA
Date of publication, distribution, etc. 2010
520 ## - SUMMARY, ETC.
Summary, etc. The Construction Alliance (CA) is the grouping of major construction trade organisations working together within the remit of the Strategic Forum for Construction; the Alliance represents over 13,500 individual companies and organisations involved in the construction industry; Alliance membership comes from across the UK and represents constructors throughout the supply chain; website includes publications, discussions, updates on the Strategic Forum for Construction.
590 ## - LOCAL NOTE (RLIN)
Local note KA NTK
651 #4 - SUBJECT ADDED ENTRY--GEOGRAPHIC NAME
Geographic name United Kingdom
Chronological subdivision
690 ## - LOCAL SUBJECT ADDED ENTRY--TOPICAL TERM (OCLC, RLIN)
Topical term or geographic name as entry element BUILT ENVIRONMENT-CONSTRUCTION MARKET
710 1# - ADDED ENTRY--CORPORATE NAME
Corporate name or jurisdiction name as entry element National Federation of Builders
9 (RLIN) 4086
710 1# - ADDED ENTRY--CORPORATE NAME
Corporate name or jurisdiction name as entry element Scottish Building Federation
9 (RLIN) 5621
710 1# - ADDED ENTRY--CORPORATE NAME
Corporate name or jurisdiction name as entry element Civil Engineering Contractors Association
9 (RLIN) 3765
856 48 - ELECTRONIC LOCATION AND ACCESS
Uniform Resource Identifier <a href="https://www.theconstructionalliance.org/">https://www.theconstructionalliance.org/</a>
Public note View the website free of charge at www.theconstructionalliance.org
942 ## - ADDED ENTRY ELEMENTS (KOHA)
Suppress in OPAC 0
Holdings
Withdrawn status Lost status Source of classification or shelving scheme Damaged status Not for loan Home library Current library Shelving location Date acquired Total Checkouts Full call number Barcode Date last seen Copy number Price effective from Koha item type
    Dewey Decimal Classification     Virtual Virtual Online 04/10/2010   WEBSITE 151124-2001 06/08/2019 1 06/08/2019 Book